[Event "Lisbon Portugal rapid op"]
[Site "Lisbon"]
[Date "2017.02.11"]
[Round "2"]
[White "Borensztajn, David"]
[Black "Nuno, Rafael J Pimparel A"]
[Result "0-1"]
[WhiteElo "2113"]
[BlackElo "1661"]
[PlyCount "104"]
[EventDate "2017.02.11"]
[EventType "swiss (rapid)"]
[EventRounds "8"]
[EventCountry "POR"]
[SourceTitle "CBM 176 Extra"]
[Source "ChessBase"]
[SourceDate "2017.03.02"]
[SourceVersion "1"]
[SourceVersionDate "2017.03.02"]
[SourceQuality "1"]

1. d4 Nf6 2. Nf3 e6 3. e3 c5 4. c3 Nc6 5. Bd3 d5 6. Nbd2 c4 7. Bc2 Bd6 8. 0-0 0-0 9. e4 Bf4 10. e5 Nd7 11. b3 b5 12. Ba3 Re8 13. bxc4 bxc4 14. Re1 Rb8 15. Bd6 Rb2 16. Ba3 Rb8 17. Rb1 Rxb1 18. Qxb1 Qa5 19. Bb4 Nxb4 20. cxb4 Qa3 21. Bxh7+ Kh8 22. Bc2 Ba6 23. g3 Bh6 24. Nf1 Qxf3 25. Rd1 Bb7 26. Ba4 Rd8 27. Re1 Nb6 28. Bd1 Qc3 29. Bh5 Kg8 30. h4 Qd3 31. Qa1 Bc6 32. Be2 Qa3 33. Nh2 Qxb4 34. Ng4 Bd2 35. Rb1 Qc3 36. Qxc3 Bxc3 37. Ne3 Bxd4 38. Ng4 Ba4 39. h5 Bc2 40. Rb5 Bf5 41. Nh2 Bxe5 42. Ra5 Rd7 43. Nf3 Bb2 44. Rc5 Bg4 45. Kg2 Bxf3+ 46. Kxf3 c3 47. Bd3 Rd8 48. Bc2 Rc8 49. Ra5 Rc7 50. g4 Nc4 51. Rb5 Rc8 52. Ke2 Na3 0-1